| 000 | 00678nam a2200229 a 4500 | ||
|---|---|---|---|
| 005 | 20140310183430.0 | ||
| 008 | 080107s19uu xx 00 eng d | ||
| 020 | _a0072864730 | ||
| 050 |
_aHF 5410 _b.Ap67 2006 |
||
| 100 | _aPerreault, William D. | ||
| 245 |
_aApplications in basic marketing : _bclippings from the popular business press. |
||
| 250 | _a2005-2006 ed. | ||
| 260 |
_aU.S.A : _bMcGraw-Hill Irwin, _c2005. |
||
| 300 |
_a215 p. : _bill. ; _c26 cm. |
||
| 521 | _aBSBA | ||
| 650 |
_aMarketing _xPeriodicals. |
||
| 650 |
_aMarketing _xManagement _xPeriodicals. |
||
| 700 | _aMcCarthy, Jerome E. | ||
| 942 |
_cBK _2lcc _kFOR |
||
| 999 |
_c22729 _d22729 |
||